Lieux connus en France - Statistiques

Statistiques générales
  • Ce quiz a été pris 104 fois
  • Le résultat moyen est 10 sur 16
Statistiques - réponses
Par images Réponse % Correct
Mont Saint Michel
98%
Mont Blanc
92%
Dune du Pilat
90%
Tour Montparnasse
84%
Arènes de Nîmes
82%
Viaduc de Millau
82%
Grottes de Lascaux
78%
Invalides
60%
Notre Dame de la Garde
56%
Chenonceau
48%
Alignements de Carnac
44%
Planches de Deauville
39%
Hospices de Beaune
38%
Château des ducs de Bretagne
26%
Rocher de la Vierge
24%
Haut Koenigsbourg
11%
Aucun quiz correspondant
Distribution des résultats
% des personnes avec chaque résultat
Percentile par nombre de réponses
Votre historique - résultats
Vous n’avez pas pris ce quiz